名古屋市16区のシンボルマーク - Statistics

General Stats
  • This quiz has been taken 50 times
  • The average score is 13 of 16
Answer Stats
Picture Answer % Correct
中区
93%
中川区
93%
緑区
91%
港区
91%
中村区
85%
熱田区
85%
名東区
85%
千種区
83%
守山区
83%
南区
83%
天白区
83%
東区
80%
北区
80%
西区
78%
瑞穂区
78%
昭和区
76%
No matching quizzes found
Score Distribution
Percent of People with Each Score
Percentile by Number Answered
Your Score History
You have not taken this quiz